000 00302nam a22001337a 4500
008 180905b xxu||||| |||| 00| 0 eng d
020 _a9780805371550
041 _aeng
080 _27 ED
_a573
100 _a11
101 _aBIO
245 _aStudent Stydy Guide Biology
_cReece,c
942 _2udc
_cBK
999 _c47535
_d47535